000 00343nam a22001457a 4500
003 OSt
005 20260316105324.0
007 809 pages
008 260316b |||||||| |||| 00| 0 eng d
040 _c
082 _a153.94
_bAGG
245 _aQuantitative aptitude
_cAggarwal,R.S
260 _bS.Chand
_c2024
942 _2ddc
_cBK
_k153.94
_mAGG
_n0
999 _c36324
_d36324